[Event "28th Capablanca Memorial"]
[Site "Cuba"]
[Date "1993.??.??"]
[Round "9"]
[White "Spangenberg, Hugo"]
[Black "Howell, James"]
[Result "1-0"]
[WhiteElo "2505"]
[BlackElo "2470"]
[EventDate "1993.??.??"]
[PlyCount "173"]

1.e4 e5 2.Nf3 Nf6 3.Nc3 Nc6 4.d4 exd4 5.Nxd4 Bb4 6.Nxc6 bxc6 7.Bd3 O-O 8.
O-O d5 9.exd5 cxd5 10.Bg5 c6 11.Ne2 Bg4 12.c3 Be7 13.Qa4 Bd7 14.Rfe1 Re8 
15.Nd4 Qc8 16.Qc2 h6 17.Bh4 Qc7 18.Nf5 Bxf5 19.Bxf5 Nh5 20.Bxe7 Rxe7 21.c4
Rae8 22.Rxe7 Qxe7 23.g3 Nf6 24.cxd5 cxd5 25.Rc1 Qe5 26.Bd3 h5 27.Qc3 Qg5 
28.h4 Qg4 29.Re1 Rxe1+ 30.Qxe1 Qd4 31.Qc3 Qxc3 32.bxc3 Kf8 33.f3 Nd7 34.
Kf2 Ke7 35.Ke3 Kd6 36.Be2 g6 37.g4 hxg4 38.fxg4 Ke5 39.h5 gxh5 40.gxh5 Kf5
41.Kd4 Nf6 42.Bf3 Kg5 43.Bxd5 Nxd5 44.Kxd5 f5 45.c4 f4 46.Ke4 Kg4 47.h6 f3
48.h7 f2 49.h8=Q f1=Q 50.Qg7+ Kh3 51.Qc3+ Kg4 52.c5 Qe2+ 53.Kd5 Qg2+ 54.
Kd6 Qxa2 55.c6 Qh2+ 56.Kd7 Qh7+ 57.Kc8 Qe4 58.c7 Qa8+ 59.Kd7 Qd5+ 60.Ke7 
Qe4+ 61.Kd6 Qg6+ 62.Kd7 Qh7+ 63.Kc6 Qe4+ 64.Kb5 Qb7+ 65.Ka4 Qa6+ 66.Kb3 
Qc8 67.Qc5 a6 68.Ka3 Kh3 69.Qc3+ Kh2 70.Qd2+ Kh1 71.Qd5+ Kh2 72.Qc4 a5 73.
Ka4 Qe8+ 74.Kxa5 Qe5+ 75.Kb6 Qf6+ 76.Kb5 Qf5+ 77.Ka4 Qc8 78.Qc3 Kh1 79.
Qc1+ Kh2 80.Kb3 Qb7+ 81.Ka2 Qa6+ 82.Kb1 Qc8 83.Qc3 Kh1 84.Kc1 Kg1 85.Qe1+ 
Kg2 86.Qd2+ Kh1 87.Qd8 1-0

[Event "28th Capablanca Memorial"]
[Site "Cuba"]
[Date "1993.??.??"]
[Round "10"]
[White "Zarnicki, Pablo"]
[Black "Henao, Raul Fernando"]
[Result "1/2-1/2"]
[WhiteElo "2470"]
[BlackElo "2405"]
[EventDate "1993.??.??"]
[PlyCount "28"]

1.e4 e5 2.Nf3 Nc6 3.Nc3 Nf6 4.d4 exd4 5.Nxd4 Bb4 6.Nxc6 bxc6 7.Bd3 d5 8.
exd5 Qe7+ 9.Qe2 cxd5 10.Qxe7+ Kxe7 11.Bd2 c6 12.O-O-O Re8 13.Na4 Bxd2+ 14.
Kxd2 Kd6 1/2-1/2

[Event "28th Capablanca Memorial"]
[Site "Cuba"]
[Date "1993.??.??"]
[Round "10"]
[White "Vera Gonzalez, Reynaldo"]
[Black "Gonzalez Bautista, Juan"]
[Result "1-0"]
[WhiteElo "2515"]
[BlackElo "2460"]
[EventDate "1993.??.??"]
[PlyCount "81"]

1.d4 e6 2.g3 Nf6 3.Bg2 c5 4.Nf3 cxd4 5.O-O Be7 6.Nxd4 a6 7.c4 d6 8.Nc3 O-O
9.b3 Qc7 10.Bb2 Bd7 11.Rc1 Qb6 12.Qd2 Nc6 13.Rfd1 Rfd8 14.Nxc6 Bxc6 15.Nd5
Nxd5 16.cxd5 Bxd5 17.Bxd5 exd5 18.Bd4 Qb5 19.Rc7 Re8 20.Qb2 Bf8 21.Rd2 
Rac8 22.Rxc8 Rxc8 23.Qb1 g6 24.Qd1 Bg7 25.Be3 d4 26.Bxd4 Bxd4 27.Rxd4 Rc6 
28.e3 Qe5 29.Kg2 Kg7 30.Qd2 h5 31.h4 Qe7 32.a4 Qc7 33.Rb4 Rc5 34.Qd4+ Kg8 
35.Qe4 b5 36.axb5 axb5 37.Rxb5 Rxb5 38.Qe8+ Kg7 39.Qxb5 Kh7 40.b4 Qc3 41.
Qb7 1-0

[Event "28th Capablanca Memorial"]
[Site "Cuba"]
[Date "1993.??.??"]
[Round "10"]
[White "Aldama, Degurnay"]
[Black "Zapata Ramirez, Alonso"]
[Result "1-0"]
[WhiteElo "2470"]
[BlackElo "2580"]
[EventDate "1993.??.??"]
[PlyCount "73"]

1.e4 c5 2.Nf3 e6 3.d3 Nc6 4.g3 d5 5.Nbd2 g6 6.Bg2 Bg7 7.O-O Nge7 8.c3 a5 
9.Re1 a4 10.e5 b5 11.Nf1 b4 12.cxb4 Nxb4 13.a3 Nbc6 14.h4 Nf5 15.Ne3 Bd7 
16.Nxf5 gxf5 17.Bf4 Qb6 18.Rb1 h6 19.b3 Qa6 20.Be3 Bf8 21.Bf1 axb3 22.Rxb3
Qa4 23.Qb1 Rg8 24.Bg2 Rg4 25.Nh2 Rg6 26.Rc1 Rc8 27.Nf3 Nd8 28.Rbc3 Qa7 29.
Qc2 Rg4 30.Qd2 h5 31.Bh6 Rg6 32.Bxf8 Kxf8 33.Ng5 Qb8 34.Qf4 Kg8 35.Bf3 f6 
36.exf6 Qxf4 37.gxf4 1-0

[Event "28th Capablanca Memorial"]
[Site "Cuba"]
[Date "1993.??.??"]
[Round "10"]
[White "Hebden, Mark"]
[Black "Hernandez, Gilberto"]
[Result "1-0"]
[WhiteElo "2520"]
[BlackElo "2505"]
[EventDate "1993.??.??"]
[PlyCount "73"]

1.e4 c5 2.Nc3 Nc6 3.f4 g6 4.Nf3 Bg7 5.Bb5 Nd4 6.O-O Nxb5 7.Nxb5 d6 8.d3 a6
9.Nc3 b5 10.Qe1 b4 11.Nd1 a5 12.Ne3 Bb7 13.Rb1 Nf6 14.c4 bxc3 15.bxc3 Rb8 
16.c4 O-O 17.Bd2 a4 18.Bc3 Bc6 19.Rxb8 Qxb8 20.f5 Nd7 21.Bxg7 Kxg7 22.Qg3 
Qb2 23.Ng5 Qe5 24.Qh4 Nf6 25.fxg6 Qd4 26.Qg3 hxg6 27.Kh1 e6 28.a3 Be8 29.
Qf4 Bd7 30.g4 Bc6 31.Nc2 Qc3 32.Ne1 d5 33.cxd5 exd5 34.e5 d4+ 35.Kg1 Nd5 
36.Ne6+ Kg8 37.Qh6 1-0

[Event "28th Capablanca Memorial"]
[Site "Cuba"]
[Date "1993.??.??"]
[Round "10"]
[White "Magem Badals, Jordi"]
[Black "Howell, James"]
[Result "1/2-1/2"]
[WhiteElo "2510"]
[BlackElo "2470"]
[EventDate "1993.??.??"]
[PlyCount "69"]

1.e4 e5 2.Nf3 Nc6 3.Bb5 a6 4.Ba4 Nf6 5.O-O Be7 6.Re1 b5 7.Bb3 d6 8.c3 O-O 
9.h3 Na5 10.Bc2 c5 11.d4 Re8 12.dxe5 dxe5 13.Nxe5 Bd6 14.Nf3 Bb7 15.Nbd2 
Qc7 16.e5 Bxe5 17.Nxe5 Rxe5 18.Rxe5 Qxe5 19.Nf3 Qc7 20.Bg5 Ne4 21.Bxe4 
Bxe4 22.Nd2 Bb7 23.Qg4 Qc6 24.Re1 h6 25.Bf4 Bc8 26.Qg3 Bf5 27.Re5 Bg6 28.
Be3 c4 29.Nf3 Qd7 30.Nd4 Nc6 31.Nxc6 Qxc6 32.Bd4 Re8 33.Rxe8+ Qxe8 34.Qe5 
Qxe5 35.Bxe5 1/2-1/2

[Event "28th Capablanca Memorial"]
[Site "Cuba"]
[Date "1993.??.??"]
[Round "10"]
[White "Nogueiras Santiago, Jesus"]
[Black "Vilela, Jose Luis"]
[Result "1/2-1/2"]
[WhiteElo "2570"]
[BlackElo "2430"]
[EventDate "1993.??.??"]
[PlyCount "72"]

1.c4 e5 2.Nc3 Nf6 3.Nf3 Nc6 4.a3 e4 5.Ng5 Qe7 6.d3 exd3 7.Qxd3 Ne5 8.Qc2 
c6 9.e4 h6 10.Nf3 Nxf3+ 11.gxf3 g6 12.Be3 Bg7 13.Qd2 O-O 14.Rd1 Kh7 15.Be2
b6 16.h4 Bb7 17.h5 g5 18.Kf1 Rad8 19.Bxg5 hxg5 20.h6 Bh8 21.e5 Ne4 22.Nxe4
Bxe5 23.Nxg5+ Kh8 24.f4 Bc7 25.Qc2 f6 26.Nf3 c5 27.Nh4 Rg8 28.Rh3 Bxf4 29.
Bf3 d5 30.Ng6+ Rxg6 31.Qxg6 Rg8 32.Qf5 Be5 33.Bxd5 Bc8 34.h7 Rf8 35.Qh5 
Bxh3+ 36.Qxh3 Qxh7 1/2-1/2

[Event "28th Capablanca Memorial"]
[Site "Cuba"]
[Date "1993.??.??"]
[Round "11"]
[White "Zapata Ramirez, Alonso"]
[Black "Vera Gonzalez, Reynaldo"]
[Result "1/2-1/2"]
[WhiteElo "2580"]
[BlackElo "2515"]
[EventDate "1993.??.??"]
[PlyCount "58"]

1.e4 c5 2.Nf3 d6 3.d4 cxd4 4.Nxd4 Nf6 5.Nc3 a6 6.Bc4 e6 7.Bb3 Nbd7 8.f4 
Nc5 9.f5 Be7 10.Qf3 O-O 11.O-O e5 12.Nde2 Nxb3 13.axb3 b5 14.g4 b4 15.g5 
bxc3 16.gxf6 Bxf6 17.Nxc3 Bb7 18.Be3 Rc8 19.Rad1 Be7 20.Qg4 f6 21.Rf3 Qe8 
22.Rd2 g5 23.Rh3 Rxc3 24.bxc3 Qc6 25.Bxg5 fxg5 26.Rxh7 Qc5+ 27.Kf1 Bxe4 
28.Rh8+ Kxh8 29.Qh5+ Kg8 1/2-1/2

[Event "28th Capablanca Memorial"]
[Site "Cuba"]
[Date "1993.??.??"]
[Round "11"]
[White "Hernandez, Gilberto"]
[Black "Zarnicki, Pablo"]
[Result "1/2-1/2"]
[WhiteElo "2505"]
[BlackElo "2470"]
[EventDate "1993.??.??"]
[PlyCount "24"]

1.e4 e6 2.d4 d5 3.Nd2 c5 4.Ngf3 cxd4 5.exd5 Qxd5 6.Bc4 Qd6 7.O-O Nf6 8.Nb3
Nc6 9.Nbxd4 Nxd4 10.Qxd4 Qxd4 11.Nxd4 a6 12.Be2 Bd6 1/2-1/2

[Event "28th Capablanca Memorial"]
[Site "Cuba"]
[Date "1993.??.??"]
[Round "11"]
[White "Gonzalez Bautista, Juan"]
[Black "Magem Badals, Jordi"]
[Result "1/2-1/2"]
[WhiteElo "2460"]
[BlackElo "2510"]
[EventDate "1993.??.??"]
[PlyCount "92"]

1.c4 c5 2.Nf3 Nf6 3.g3 d5 4.cxd5 Nxd5 5.Bg2 Nc6 6.Nc3 Nc7 7.O-O e5 8.b3 
Be7 9.Bb2 O-O 10.d3 Bd7 11.Ne4 f6 12.a3 Rc8 13.e3 Be6 14.Qc2 Na6 15.Rfe1 
Qd7 16.Bf1 Rfd8 17.Rac1 Bf8 18.Ned2 Kh8 19.Qb1 Bf7 20.Ba1 Nc7 21.Be2 Ne6 
22.Bc3 a6 23.Ba1 b5 24.Ne4 Be7 25.Nh4 Na5 26.b4 cxb4 27.axb4 Rxc1 28.Rxc1 
Nc6 29.Bc3 a5 30.bxa5 b4 31.Be1 Nxa5 32.Nf5 Bf8 33.g4 Rb8 34.h4 h5 35.Nfg3
hxg4 36.Bxg4 Qd5 37.h5 b3 38.h6 b2 39.Rc2 Qxd3 40.Nc3 Bg6 41.e4 Nd4 42.
hxg7+ Kxg7 43.Rxb2 Qxb1 44.Rxb1 Rxb1 45.Nxb1 Nc4 46.Bc3 Bc5 1/2-1/2

[Event "28th Capablanca Memorial"]
[Site "Cuba"]
[Date "1993.??.??"]
[Round "11"]
[White "Spangenberg, Hugo"]
[Black "Nogueiras Santiago, Jesus"]
[Result "1/2-1/2"]
[WhiteElo "2505"]
[BlackElo "2570"]
[EventDate "1993.??.??"]
[PlyCount "22"]

1.e4 e6 2.d4 d5 3.exd5 exd5 4.Nf3 Nf6 5.Bg5 Be7 6.Bd3 O-O 7.O-O Bg4 8.Nbd2
Nbd7 9.c3 Re8 10.Qc2 h6 11.Be3 Bd6 1/2-1/2

[Event "28th Capablanca Memorial"]
[Site "Cuba"]
[Date "1993.??.??"]
[Round "12"]
[White "Nogueiras Santiago, Jesus"]
[Black "Howell, James"]
[Result "1-0"]
[WhiteElo "2570"]
[BlackElo "2470"]
[EventDate "1993.??.??"]
[PlyCount "101"]

1.d4 Nf6 2.Nf3 g6 3.g3 Bg7 4.Bg2 O-O 5.O-O d5 6.c4 dxc4 7.Na3 c3 8.bxc3 c5
9.e3 Nc6 10.Bb2 e5 11.Nxe5 Nxe5 12.dxe5 Ng4 13.c4 Nxe5 14.Qb3 Qd2 15.Bxe5 
Bxe5 16.Rad1 Qb4 17.Rd5 Bf6 18.Rb1 Be6 19.Rdd1 Bg4 20.Rdc1 Qd2 21.Rc2 Qa5 
22.Bd5 Rad8 23.e4 Rd6 24.Qd3 Rb6 25.Rxb6 Qxb6 26.Kg2 a6 27.h3 Bc8 28.Re2 
Qc7 29.f4 Bg7 30.Nc2 Bd7 31.Ne1 Qc8 32.g4 b5 33.Nf3 Bxg4 34.hxg4 Qxg4+ 35.
Kf2 Qxf4 36.e5 b4 37.Qe3 Qxe3+ 38.Kxe3 Re8 39.Kd3 Kf8 40.Rf2 Re7 41.Ng5 
Bxe5 42.Bxf7 Bd4 43.Rf3 Re1 44.Bd5+ Ke7 45.Rf7+ Kd6 46.Ra7 Re3+ 47.Kd2 Ke5
48.Nf3+ Kf4 49.Rf7+ Kg4 50.Nxd4 cxd4 51.c5 1-0

[Event "28th Capablanca Memorial"]
[Site "Cuba"]
[Date "1993.??.??"]
[Round "12"]
[White "Hebden, Mark"]
[Black "Spangenberg, Hugo"]
[Result "1/2-1/2"]
[WhiteElo "2520"]
[BlackElo "2505"]
[EventDate "1993.??.??"]
[PlyCount "22"]

1.e4 e5 2.Nf3 Nc6 3.Bb5 a6 4.Ba4 Nf6 5.O-O Be7 6.d3 b5 7.Bb3 O-O 8.Re1 d6 
9.c3 Na5 10.Bc2 c5 11.Nbd2 Re8 1/2-1/2

[Event "28th Capablanca Memorial"]
[Site "Cuba"]
[Date "1993.??.??"]
[Round "13"]
[White "Hernandez, Gilberto"]
[Black "Vera Gonzalez, Reynaldo"]
[Result "1/2-1/2"]
[WhiteElo "2505"]
[BlackElo "2515"]
[EventDate "1993.??.??"]
[PlyCount "39"]

1.e4 c5 2.Nf3 d6 3.d4 cxd4 4.Nxd4 Nf6 5.Nc3 a6 6.Bc4 e6 7.Bb3 Nbd7 8.f4 
Nc5 9.e5 Nfd7 10.exd6 Nf6 11.Be3 Bxd6 12.Qf3 Bd7 13.O-O-O Qc7 14.Kb1 O-O-O
15.g4 Nxb3 16.axb3 Rhe8 17.Rd3 Bc6 18.Nxc6 Qxc6 19.Qxc6+ bxc6 20.h3 
1/2-1/2